Countries Closest to Argentina - Statistics

General Stats
  • This quiz has been taken 273 times
  • The average score is 14 of 15
Answer Stats
Km Country % Correct
0 Chile
100%
0 Paraguay
100%
0 Brazil
99%
0 Uruguay
99%
0 Bolivia
98%
560 Peru
98%
2340 Ecuador
96%
2038 Colombia
95%
2525 Venezuela
95%
2650 Guyana
93%
2772 Suriname
93%
3495 Panama
90%
2870 France (French Guyana)
74%
3599 Trinidad & Tobago
73%
3797 Grenada
52%
No matching quizzes found
Score Distribution
Percent of People with Each Score
Percentile by Number Answered
Your Score History
You have not taken this quiz